00285nam a2200109Ia 4500008004100000041001200041082001100053100001700064245008200081260000600163650000600169221030s9999 xx 000 0 und d aEnglish a105.23 aP. S. Dhogal 0aBasic Electrical Engineering With Numerical Problems Vol. IIcby P. S. Dhogal c0 aB